Protein-storing cells in the bark tissue of Hevea brasiliensis with respect to tapping panel dryness and stimulation (Record no. 52202)

MARC details
000 -LEADER
fixed length control field 00639nam a2200181Ia 4500
100 ## - MAIN ENTRY--AUTHOR NAME
Personal name Thomas V
245 #0 - TITLE STATEMENT
Title Protein-storing cells in the bark tissue of Hevea brasiliensis with respect to tapping panel dryness and stimulation
260 ## - PUBLICATION, DISTRIBUTION, ETC. (IMPRINT)
Name of publisher PLACROSYM XIX, 7-10 December 2010, Kottayam. Climate Change. 19th Biennial Symposium on Plantation Crops. Abstracts.pp.96-97.
650 ## - SUBJECT ADDED ENTRY--TOPICAL TERM
Topical Term protein storing cells
650 ## - SUBJECT ADDED ENTRY--TOPICAL TERM
Topical Term Stimulation
650 ## - SUBJECT ADDED ENTRY--TOPICAL TERM
Topical Term Tapping panel dryness
700 ## - ADDED ENTRY--PERSONAL NAME
Personal name Ambily P K
700 ## - ADDED ENTRY--PERSONAL NAME
Personal name Divya V
700 ## - ADDED ENTRY--PERSONAL NAME
Personal name Krishnakumar R
700 ## - ADDED ENTRY--PERSONAL NAME
Personal name Reghu C P
942 ## - ADDED ENTRY ELEMENTS (KOHA)
Koha item type Bibliography STAF
Holdings
Withdrawn status Lost status Damaged status Not for loan Home library Current library Date acquired Koha item type
      Bibliography RRII Library RRII Library 02/02/2011 Bibliography STAF